| 000 | 00985nam a22003137a 4500 | ||
|---|---|---|---|
| 001 | 6949 | ||
| 003 | FISKH | ||
| 005 | 20250611143057.0 | ||
| 008 | 250611b cb ||||| |||| 00| 0 eng d | ||
| 020 | _a9781407145396 | ||
| 040 |
_aFISKH _beng _cFISKH _dFISKH |
||
| 050 | _aPZ7.C234937 A1 | ||
| 082 | _a823.8 | ||
| 100 | _aCarroll, Lewis | ||
| 245 |
_aAlice's adventure in Wonderland / _cLewis Carroll |
||
| 250 | _aFirst published in Great Britain in 1865 | ||
| 260 |
_aNew York : _bScholastic , _c2014. |
||
| 300 |
_a131 pages : _billustrations ; _c20 cm . |
||
| 490 |
_aAlice's Adventures _vBook 1 |
||
| 505 | _aU | ||
| 520 | _aA little girl falls down a rabbit hole and discovers a world of nonsensical and amusing characters. | ||
| 521 | 8 |
_a830
_bLexile |
|
| 521 | 8 |
_aU
_bRaz-Plus |
|
| 650 |
_aWonderland _vChildren's literature |
||
| 650 |
_aAlice _vFiction |
||
| 700 |
_aTenniel, John _eIllustrator |
||
| 942 |
_2ddc _cBK _n0 |
||
| 999 |
_c6949 _d6949 |
||